000 02489nab a2200241 i 4500
003 BR-BrBNA
005 20250211133540.0
008 250211b2013 bl.qr|pooa||| 00| 0 por |
040 _aBR-BrBNA
_bpor
072 _aF70
100 _aMota, Nara F.O.
100 _aWanderley, Maria G.L.
245 _aXyris riopretensis (Xyridaceae): uma nova espécie para Minas Gerais, Brasil
500 _aPublicação on-line; 25 ref.; 2 illus.; Summaries (En, Pt)
520 _a Resumo Xyris é um gênero com ca. 400 espécies, distribuídas predominantemente na região tropical, podendo chegar em áreas temperadas das Américas e Austrália. A Cadeia do Espinhaço concentra grande riqueza de espécies de Xyris, gênero que figura entre os mais ricos dentre as monocotiledôneas ocorrentes nessa cadeia montanhosa. Este trabalho apresenta uma nova espécie de Xyris em homenagem à sua localidade tipo, o Parque Estadual do Rio Preto, localizado no extremo nordeste do Planalto de Diamantina, na Cadeia do Espinhaço (Minas Gerais). São fornecidas ilustrações dos caracteres diagnósticos, comparação com espécies morfologicamente relacionadas, assim como informações sobre ecologia e fenologia da nova espécie. Palavras-chave: campo rupestre, Planalto de Diamantina, Poales, novidade taxonômica, sempre-viva. Abstract Xyris is a genus of about 400 species distributed in tropical regions, reaching temperate areas of the Americas and Australia. The Espinhaço Range concentrates a great wealth of Xyris species; the genus is among the richest of monocots occurring in these mountains. This paper presents a new species of Xyris named for its type locality, the State Park of Rio Preto, located in the far northeast of the Diamantina plateau, in the Espinhaço (Minas Gerais). Illustrations of diagnostic characters, a comparison with morphologically related species, as well as information on ecology and phenology of the new species are provided. Key words: campo rupestre, Diamantina plateau, Poales, novelties, evergreen.
650 _aCAMPO
650 _aPLANALTO DE DIAMANTINA
650 _aTAXONOMIA
773 0 _0709
_9348217
_dRio de Janeiro-RJ Jardim Botanico do Rio de Janeiro 1935
_o2025-0706
_tRodriguésia (Brazil)
_x0370-6583; 2175-7860 on-line
_gv. 64(3) p. 555-560; (2013)
_wBR2024004115
856 _uhttps://www.scielo.br/j/rod/a/8wrbqzb3gDqGTCfrTkv4qgF/?format=pdf&lang=pt
942 _cANA
999 _c329917
_d329917